ケッペンの気候区分 - Statistics

General Stats
  • This quiz has been taken 415 times
  • The average score is 9 of 13
Answer Stats
気候記号 気候区分名 % Correct
Af 熱帯雨林気候
89%
Cs 地中海性気候
85%
BW 砂漠気候
84%
Cfa 温暖湿潤気候
84%
ET ツンドラ気候
84%
BS ステップ気候
80%
Aw サバナ気候
79%
Cfb・Cfc 西岸海洋性気候
72%
EF 氷雪気候
68%
Df 亜寒帯湿潤気候
47%
Am 熱帯季節風気候
46%
Cw 温暖冬季少雨気候
45%
Dw 亜寒帯冬季少雨気候
41%
No matching quizzes found
Score Distribution
Percent of People with Each Score
Percentile by Number Answered
Your Score History
You have not taken this quiz